[Event "26. Torneo Collado Villalba B"]
[Site "Collado Villalba ESP"]
[Date "2009.08.23"]
[Round "3.13"]
[White "Rubio Campos, Juan"]
[Black "Olmos Sanz, Francisco J"]
[Result "1/2-1/2"]
[WhiteElo "1678"]
[BlackElo "1870"]
[PlyCount "67"]
[EventDate "2009.08.21"]
[EventType "swiss"]
[EventRounds "9"]
[EventCountry "ESP"]
[Source "lmi"]
[SourceDate "2009.08.21"]

1. e4 c5 2. Nf3 d6 3. d4 cxd4 4. Nxd4 Nf6 5. Nc3 g6 6. Be3 Bg7 7. f3 O-O 8. Qd2
Nc6 9. O-O-O Bd7 10. g4 Qa5 11. Kb1 Rfc8 12. Nb3 Qd8 13. h4 Ne5 14. Be2 a5 15.
g5 Nh5 16. Nd5 Rc6 17. Nd4 Nc4 18. Bxc4 Rxc4 19. Ne2 Ra6 20. Bd4 e5 21. Bc3 b5
22. b3 Rc8 23. f4 b4 24. Bb2 Bg4 25. Rhg1 Bxe2 26. Qxe2 Rac6 27. Rd2 Nxf4 28.
Nxf4 exf4 29. Bxg7 Kxg7 30. Qf3 Qb6 31. Re1 Qc7 32. Rc1 d5 33. exd5 Rc3 34. Qe4
1/2-1/2

[Event "26. Torneo Collado Villalba B"]
[Site "Collado Villalba ESP"]
[Date "2009.08.23"]
[Round "3.14"]
[White "Monmeneu Chulia, Vicente Juan"]
[Black "Orantes Sanz, Ricardo"]
[Result "1-0"]
[WhiteElo "1999"]
[BlackElo "1639"]
[PlyCount "59"]
[EventDate "2009.08.21"]
[EventType "swiss"]
[EventRounds "9"]
[EventCountry "ESP"]
[Source "lmi"]
[SourceDate "2009.08.21"]

1. d4 Nf6 2. c4 e5 3. dxe5 Ne4 4. a3 Bc5 5. e3 c6 6. b4 Bb6 7. Bb2 Bxe3 8. fxe3
Qh4+ 9. g3 Nxg3 10. Nf3 Qh6 11. Rg1 Qxe3+ 12. Be2 Ne4 13. Qd4 Qxd4 14. Bxd4 O-O
15. Bd3 d5 16. exd6 Re8 17. Bxe4 Rxe4+ 18. Kf2 g6 19. Nbd2 Rf4 20. Rae1 Be6 21.
Be5 Rf5 22. Rg5 Nd7 23. Rxf5 Bxf5 24. Bb2 c5 25. Ne5 cxb4 26. Nxd7 Bxd7 27.
axb4 Re8 28. Ne4 Kf8 29. Nf6 Rxe1 30. Nxd7+ 1-0

[Event "26. Torneo Collado Villalba B"]
[Site "Collado Villalba ESP"]
[Date "2009.08.23"]
[Round "3.17"]
[White "Fernandez Garcia, Javier"]
[Black "Hernandez Mateo, Borja"]
[Result "1-0"]
[WhiteElo "1923"]
[BlackElo "1564"]
[PlyCount "55"]
[EventDate "2009.08.21"]
[EventType "swiss"]
[EventRounds "9"]
[EventCountry "ESP"]
[Source "lmi"]
[SourceDate "2009.08.21"]

1. d4 f5 2. Bg5 Nf6 3. Bxf6 exf6 4. e3 d5 5. c4 c6 6. Nc3 Be6 7. Qb3 Qb6 8.
Qxb6 axb6 9. cxd5 cxd5 10. Bb5+ Nc6 11. Nge2 Bb4 12. O-O O-O 13. Nf4 Bxc3 14.
Nxe6 Bxb2 15. Rab1 Bc3 16. Nxf8 Kxf8 17. Bxc6 bxc6 18. Rxb6 Rxa2 19. Rxc6 Bb4
20. Rb1 Be7 21. g3 Ra7 22. Rb5 Rd7 23. Rc8+ Kf7 24. Kg2 Kg6 25. Rcb8 Kh5 26.
R8b7 Rxb7 27. Rxb7 Bf8 28. Rd7 1-0

[Event "26. Torneo Collado Villalba B"]
[Site "Collado Villalba ESP"]
[Date "2009.08.23"]
[Round "3.17"]
[White "Garcia Serrano, Jose M"]
[Black "Nunez Alonso, Juan"]
[Result "1-0"]
[WhiteElo "1908"]
[BlackElo "1550"]
[PlyCount "55"]
[EventDate "2009.08.21"]
[EventType "swiss"]
[EventRounds "9"]
[EventCountry "ESP"]
[Source "lmi"]
[SourceDate "2009.08.21"]

1. e4 e5 2. f4 exf4 3. Nf3 Ne7 4. Nc3 d5 5. exd5 Nxd5 6. Be2 Be7 7. O-O O-O 8.
Nxd5 Qxd5 9. c4 Qd8 10. d4 Nc6 11. Bxf4 Bf6 12. d5 Bxb2 13. Rb1 Qf6 14. Bg5 Qc3
15. dxc6 Bf5 16. Bd2 Qa3 17. Ng5 Bxb1 18. Qxb1 g6 19. cxb7 Rab8 20. Bf3 Bf6 21.
Kh1 h6 22. Bb4 Qa6 23. Bxf8 Kxf8 24. Nh7+ Kg7 25. Nxf6 Qxf6 26. Bd5 Qd4 27.
Rxf7+ Kh8 28. Qf1 1-0

[Event "26. Torneo Collado Villalba B"]
[Site "Collado Villalba ESP"]
[Date "2009.08.23"]
[Round "3.24"]
[White "Cepas Castillo, Juan Carlos"]
[Black "Liceras Ruiz, Manuel"]
[Result "0-1"]
[WhiteElo "1618"]
[BlackElo "1747"]
[PlyCount "70"]
[EventDate "2009.08.21"]
[EventType "swiss"]
[EventRounds "9"]
[EventCountry "ESP"]
[Source "lmi"]
[SourceDate "2009.08.21"]

1. e4 c5 2. Nc3 e6 3. g3 Nc6 4. Bg2 g6 5. d3 Bg7 6. f4 Nge7 7. Nf3 d6 8. O-O
O-O 9. Be3 a6 10. Rb1 Qc7 11. Qd2 Rb8 12. Ne2 b5 13. c3 b4 14. cxb4 Nxb4 15. a3
Nbc6 16. Rfc1 a5 17. d4 cxd4 18. Nfxd4 Bd7 19. Nxc6 Nxc6 20. Nd4 Rfc8 21. Nxc6
Bxc6 22. e5 d5 23. Rc2 Qd8 24. Rbc1 Bd7 25. Rxc8 Rxc8 26. Rxc8 Bxc8 27. b4 axb4
28. axb4 Bf8 29. b5 Qc7 30. b6 Qc6 31. Qa5 Bb7 32. Bf1 d4 33. Bd2 Qh1+ 34. Kf2
Qxh2+ 35. Ke1 Bf3 0-1

[Event "26. Torneo Collado Villalba B"]
[Site "Collado Villalba ESP"]
[Date "2009.08.24"]
[Round "4.1"]
[White "Camarero Izquierdo, Juan C"]
[Black "Valderrama Arroyo, Victor"]
[Result "1-0"]
[WhiteElo "1950"]
[BlackElo "1882"]
[PlyCount "75"]
[EventDate "2009.08.21"]
[EventType "swiss"]
[EventRounds "9"]
[EventCountry "ESP"]
[Source "lmi"]
[SourceDate "2009.08.21"]

1. e4 c5 2. Nf3 d6 3. d4 cxd4 4. Nxd4 Nf6 5. Nc3 a6 6. Bg5 e6 7. f3 h6 8. Be3
b5 9. Bd3 Bb7 10. Qd2 Nbd7 11. O-O-O Rc8 12. g4 b4 13. Nce2 d5 14. Ng3 e5 15.
Ndf5 d4 16. Nxd4 exd4 17. Bxd4 Qa5 18. Kb1 Bc5 19. Bxc5 Qxc5 20. Nf5 Kf8 21. h4
g6 22. Nxh6 Kg7 23. g5 Nh5 24. f4 Rhe8 25. Rhe1 Nb6 26. f5 Rcd8 27. fxg6 fxg6
28. Qe2 Na4 29. Nf5+ gxf5 30. Qxh5 Rh8 31. Qe2 Qe5 32. c3 bxc3 33. exf5 Qxe2
34. f6+ Kf8 35. Bxe2 Rc8 36. Rd4 Nxb2 37. g6 Rh5 38. Bxh5 1-0

[Event "26. Torneo Collado Villalba B"]
[Site "Collado Villalba ESP"]
[Date "2009.08.24"]
[Round "4.2"]
[White "Lopez Garralon, Miguel"]
[Black "Rodriguez Ballespin, Daniel"]
[Result "0-1"]
[WhiteElo "1796"]
[BlackElo "1937"]
[PlyCount "94"]
[EventDate "2009.08.21"]
[EventType "swiss"]
[EventRounds "9"]
[EventCountry "ESP"]
[Source "lmi"]
[SourceDate "2009.08.21"]

1. e4 c6 2. d4 d5 3. Nc3 g6 4. h3 Bg7 5. Nf3 dxe4 6. Nxe4 Nd7 7. c3 Ngf6 8. Ng3
O-O 9. Bc4 c5 10. dxc5 Nxc5 11. O-O Qxd1 12. Rxd1 Be6 13. Bxe6 Nxe6 14. Be3 a6
15. Nd4 Nc7 16. Rd2 Nfd5 17. Nc2 Nxe3 18. Nxe3 Rfd8 19. Rad1 Rxd2 20. Rxd2 Kf8
21. Rd7 Rc8 22. Nc4 Ne8 23. Nb6 Rc7 24. Rd8 f5 25. Ne2 e6 26. Rd7 Rxd7 27.
Nxd7+ Ke7 28. Nc5 Nd6 29. Nf4 Be5 30. Nfd3 Bf6 31. Nf4 g5 32. Nfd3 a5 33. f4 h6
34. Nb3 Nc4 35. Kf2 b6 36. Ke2 gxf4 37. Kf3 e5 38. Ke2 Ne3 39. Kf2 Bh4+ 40. Kg1
Kd6 41. Nd2 Bg3 42. a4 e4 43. Nc1 Nd1 44. Ne2 Nxb2 45. Nxg3 fxg3 46. Kf1 Nxa4
47. Nc4+ Ke6 0-1

[Event "26. Torneo Collado Villalba B"]
[Site "Collado Villalba ESP"]
[Date "2009.08.24"]
[Round "4.3"]
[White "Leniz Martinez, Francisco"]
[Black "Tolosana Esteban, Enrique"]
[Result "0-1"]
[WhiteElo "1883"]
[BlackElo "1861"]
[PlyCount "74"]
[EventDate "2009.08.21"]
[EventType "swiss"]
[EventRounds "9"]
[EventCountry "ESP"]
[Source "lmi"]
[SourceDate "2009.08.21"]

1. Nf3 d5 2. d4 Nf6 3. c4 c6 4. Nc3 Bg4 5. Qb3 b6 6. cxd5 Bxf3 7. exf3 Nxd5 8.
Bc4 e6 9. O-O Be7 10. Nxd5 exd5 11. Bd3 O-O 12. Qc2 g6 13. Bf4 Bd6 14. Qd2 Qf6
15. Bxd6 Qxd6 16. Rac1 Qf6 17. Bb1 Nd7 18. Rfe1 Rfe8 19. Re3 Nf8 20. Rce1 Ne6
21. Re5 Ng7 22. f4 Qd6 23. g3 f6 24. R5e3 Kf7 25. a3 Re6 26. f5 Rxe3 27. fxg6+
hxg6 28. fxe3 f5 29. Qf2 Ne6 30. Rf1 Ke7 31. Qg2 Re8 32. Qh3 Ng5 33. Qg2 Kd7
34. b4 Rxe3 35. h4 Rxg3 36. hxg5 Rxg2+ 37. Kxg2 Qe7 0-1

[Event "26. Torneo Collado Villalba B"]
[Site "Collado Villalba ESP"]
[Date "2009.08.24"]
[Round "4.4"]
[White "Cano Cabanillas, Javier"]
[Black "Montero Garcia, Fco. Javier"]
[Result "1/2-1/2"]
[WhiteElo "1968"]
[BlackElo "1912"]
[PlyCount "47"]
[EventDate "2009.08.21"]
[EventType "swiss"]
[EventRounds "9"]
[EventCountry "ESP"]
[Source "lmi"]
[SourceDate "2009.08.21"]

1. e4 c5 2. c3 Nf6 3. e5 Nd5 4. d4 cxd4 5. Nf3 Nc6 6. cxd4 d6 7. Bc4 Nb6 8. Bb5
dxe5 9. Nxe5 Bd7 10. Bxc6 Bxc6 11. Nxc6 bxc6 12. O-O e6 13. Nc3 Be7 14. Qg4 O-O
15. Rd1 Nd5 16. Bh6 Bf6 17. Rd3 Kh8 18. Bd2 Rb8 19. Rh3 g6 20. Ne4 Bg7 21. Bh6
Bxh6 22. Rxh6 Kg7 23. Qh3 Rh8 24. b3 1/2-1/2

[Event "26. Torneo Collado Villalba B"]
[Site "Collado Villalba ESP"]
[Date "2009.08.24"]
[Round "4.5"]
[White "Greciano Reiskila, Miguel C"]
[Black "Morona Minguez, Irene"]
[Result "0-1"]
[WhiteElo "1964"]
[BlackElo "1813"]
[PlyCount "78"]
[EventDate "2009.08.21"]
[EventType "swiss"]
[EventRounds "9"]
[EventCountry "ESP"]
[Source "lmi"]
[SourceDate "2009.08.21"]

1. c4 e5 2. Nc3 Nf6 3. Nf3 Nc6 4. g3 Bb4 5. Bg2 O-O 6. O-O e4 7. Ng5 Bxc3 8.
bxc3 Re8 9. Qc2 Qe7 10. d3 exd3 11. exd3 h6 12. Nf3 d6 13. d4 Bg4 14. Rb1 Rab8
15. Be3 Qd7 16. Qc1 Bf5 17. Qa3 Bxb1 18. Rxb1 Qf5 19. Nd2 d5 20. cxd5 Nxd5 21.
Rb5 Nce7 22. c4 c6 23. Ra5 b6 24. Rxa7 Nxe3 25. fxe3 Qc2 26. Rxe7 Rxe7 27. Qxe7
Qxd2 28. Bxc6 Qc1+ 29. Kg2 Qxc4 30. Qc7 Qxa2+ 31. Kf3 Rf8 32. d5 Qxh2 33. Qxb6
Qh1+ 34. Kf2 Qh2+ 35. Kf3 Qh5+ 36. Kf2 Qf5+ 37. Kg2 Qe5 38. Qa7 Rb8 39. Bb7
Qb2+ 0-1

[Event "26. Torneo Collado Villalba B"]
[Site "Collado Villalba ESP"]
[Date "2009.08.24"]
[Round "4.6"]
[White "Avendano Mateos, Jose"]
[Black "Aguado Garcia, Pablo"]
[Result "1-0"]
[WhiteElo "1925"]
[BlackElo "1884"]
[PlyCount "107"]
[EventDate "2009.08.21"]
[EventType "swiss"]
[EventRounds "9"]
[EventCountry "ESP"]
[Source "lmi"]
[SourceDate "2009.08.21"]

1. c4 Nf6 2. Nc3 e6 3. e4 d6 4. g3 Be7 5. Bg2 c5 6. Nge2 Nc6 7. O-O O-O 8. d4
cxd4 9. Nxd4 Qb6 10. Ndb5 a6 11. Be3 Qd8 12. Nd4 Bd7 13. Nb3 Ne5 14. c5 Qc7 15.
cxd6 Bxd6 16. Rc1 Bc6 17. Bg5 Be7 18. Qe2 Rad8 19. h3 Ng6 20. Be3 Rd7 21. Nd4
Rfd8 22. Nxc6 bxc6 23. Qxa6 Ne5 24. Bb6 Qc8 25. Qa4 Re8 26. Rcd1 Rb7 27. Bd4
Nfd7 28. f4 c5 29. Bxe5 Nb6 30. Qc2 Nc4 31. Qe2 Nxe5 32. fxe5 Qb8 33. Qf3 Rf8
34. b3 Qxe5 35. Rd3 c4 36. bxc4 Qc5+ 37. Kh2 Qxc4 38. e5 Rb2 39. Rd7 Qb4 40.
Qd3 Rc8 41. Rf3 Qa3 42. Nd1 Rxa2 43. Qxa3 Bxa3 44. Rfxf7 Rcc2 45. Rxg7+ Kf8 46.
Rdf7+ Ke8 47. Ne3 Re2 48. Ra7 Kf8 49. Rxh7 Kg8 50. Rhd7 Bc5 51. Rd8+ Bf8 52.
Rxa2 Rxa2 53. Ng4 Kf7 54. h4 1-0

[Event "26. Torneo Collado Villalba B"]
[Site "Collado Villalba ESP"]
[Date "2009.08.24"]
[Round "4.7"]
[White "Sierra Soria, Maria"]
[Black "Monmeneu Chulia, Vicente Juan"]
[Result "0-1"]
[WhiteElo "1776"]
[BlackElo "1999"]
[PlyCount "108"]
[EventDate "2009.08.21"]
[EventType "swiss"]
[EventRounds "9"]
[EventCountry "ESP"]
[Source "lmi"]
[SourceDate "2009.08.21"]

1. c4 Nf6 2. Nf3 g6 3. g3 Bg7 4. Bg2 O-O 5. d4 d6 6. O-O Nbd7 7. Nc3 e5 8. Qc2
exd4 9. Nxd4 Re8 10. e3 a6 11. b3 Rb8 12. Bb2 h5 13. Nf3 Nc5 14. Nh4 b5 15.
cxb5 axb5 16. b4 Na6 17. a3 Bb7 18. Qb3 Bxg2 19. Kxg2 Qd7 20. Nxg6 Qc6+ 21. Kg1
Qf3 22. Nh4 Qg4 23. Qd1 Nd7 24. Qxg4 hxg4 25. Nf5 Ne5 26. Rfd1 Bf6 27. Kg2 Nc4
28. Nh6+ Kg7 29. Nxg4 Nxb2 30. Nxf6 Kxf6 31. Rd4 Re5 32. Rb1 Nc4 33. a4 Na3 34.
Rb3 Nc2 35. Rf4+ Kg7 36. axb5 Naxb4 37. Rc4 Rc5 38. Rg4+ Kf8 39. Rh4 Ke7 40.
Kf3 Ne1+ 41. Ke2 Ned3 42. e4 Rxc3 43. Rxc3 Nc5 44. e5 Nd5 45. exd6+ cxd6 46.
Rf3 Rxb5 47. Rh5 Ne6 48. Rh4 Nf6 49. Ra4 Rb7 50. Rfa3 Rb2+ 51. Kf1 d5 52. Ra2
Rb1+ 53. Ke2 d4 54. Ra7+ Kf8 0-1

[Event "26. Torneo Collado Villalba B"]
[Site "Collado Villalba ESP"]
[Date "2009.08.24"]
[Round "4.8"]
[White "Liceras Ruiz, Manuel"]
[Black "Martin Duque, Jesus"]
[Result "0-1"]
[WhiteElo "1747"]
[BlackElo "1930"]
[PlyCount "60"]
[EventDate "2009.08.21"]
[EventType "swiss"]
[EventRounds "9"]
[EventCountry "ESP"]
[Source "lmi"]
[SourceDate "2009.08.21"]

1. Nf3 Nf6 2. c4 e6 3. Nc3 d5 4. d4 c6 5. cxd5 exd5 6. Bg5 Be7 7. e3 Nbd7 8.
Bd3 O-O 9. Qc2 Re8 10. O-O Nf8 11. h3 g6 12. Rac1 Ne6 13. Bh4 Ng7 14. Bg3 Bf5
15. Ne5 Bd6 16. a3 Bxd3 17. Qxd3 Nf5 18. Bh2 Bxe5 19. Bxe5 Nd7 20. Bh2 Nf6 21.
Qd1 Ne4 22. Nxe4 Rxe4 23. Qf3 h5 24. Bf4 Qf6 25. g4 Nxd4 26. exd4 Rxf4 27. Qe2
hxg4 28. hxg4 Qxd4 29. Rcd1 Rxg4+ 30. Kh1 Qh8# 0-1

[Event "26. Torneo Collado Villalba B"]
[Site "Collado Villalba ESP"]
[Date "2009.08.24"]
[Round "4.9"]
[White "Gonzalez Del Valls, Javier"]
[Black "Fernandez Garcia, Javier"]
[Result "1/2-1/2"]
[WhiteElo "1731"]
[BlackElo "1923"]
[PlyCount "53"]
[EventDate "2009.08.21"]
[EventType "swiss"]
[EventRounds "9"]
[EventCountry "ESP"]
[Source "lmi"]
[SourceDate "2009.08.21"]

1. e4 e6 2. d4 d5 3. Nd2 Nf6 4. e5 Nfd7 5. Bd3 c5 6. c3 Nc6 7. Ne2 f6 8. exf6
Nxf6 9. Nf3 Bd6 10. Bg5 e5 11. dxe5 Nxe5 12. Nxe5 Bxe5 13. Qc2 Qb6 14. Bxf6
Bxf6 15. Bxh7 Bg4 16. Qg6+ Kf8 17. Qxg4 Rxh7 18. Qf5 Rh4 19. Qc2 Rg4 20. O-O d4
21. Rfd1 Rd8 22. Rac1 Bg5 23. Rb1 Bf6 24. Rbc1 Qc6 25. Ng3 c4 26. cxd4 Rgxd4
27. Rxd4 1/2-1/2

[Event "26. Torneo Collado Villalba B"]
[Site "Collado Villalba ESP"]
[Date "2009.08.24"]
[Round "4.10"]
[White "Perez Alvarez, Javier"]
[Black "Garcia Serrano, Jose M"]
[Result "1/2-1/2"]
[WhiteElo "1736"]
[BlackElo "1908"]
[PlyCount "51"]
[EventDate "2009.08.21"]
[EventType "swiss"]
[EventRounds "9"]
[EventCountry "ESP"]
[Source "lmi"]
[SourceDate "2009.08.21"]

1. e4 e5 2. Nf3 Nc6 3. d4 exd4 4. Nxd4 Nf6 5. Nc3 Bb4 6. Nxc6 bxc6 7. Bd3 d5 8.
exd5 cxd5 9. O-O O-O 10. Bg5 c6 11. Qf3 Be7 12. Rfe1 Re8 13. Na4 Be6 14. h3 Qa5
15. b3 d4 16. Bxf6 Bxf6 17. Qxc6 Qg5 18. Nc5 Qd5 19. Be4 Qg5 20. Nxe6 fxe6 21.
Bd3 e5 22. Qe4 Qh5 23. Qd5+ Kh8 24. Qe4 Rad8 25. Re2 Re7 26. Ree1 1/2-1/2

[Event "26. Torneo Collado Villalba B"]
[Site "Collado Villalba ESP"]
[Date "2009.08.24"]
[Round "4.11"]
[White "Soler Polo, Diego"]
[Black "Vaquerizo Calvo, Miguel A"]
[Result "1-0"]
[WhiteElo "1895"]
[BlackElo "1713"]
[PlyCount "93"]
[EventDate "2009.08.21"]
[EventType "swiss"]
[EventRounds "9"]
[EventCountry "ESP"]
[Source "lmi"]
[SourceDate "2009.08.21"]

1. d4 Nf6 2. c4 c5 3. d5 e6 4. Nc3 exd5 5. cxd5 d6 6. e4 g6 7. Nf3 Bg7 8. Bd3
O-O 9. O-O Bg4 10. h3 Bxf3 11. Qxf3 Re8 12. Re1 Nbd7 13. Bg5 a6 14. a4 Ne5 15.
Qe3 Nxd3 16. Qxd3 Qc7 17. e5 Rxe5 18. Rxe5 dxe5 19. Bxf6 Bxf6 20. Ne4 Bg7 21.
Rc1 Rd8 22. Rxc5 Qd7 23. a5 f5 24. Nc3 Qd6 25. Qc4 Rd7 26. Na4 Bf8 27. b4 Kg7
28. Nb6 Rf7 29. Qc3 Qb8 30. Rc8 Qd6 31. Nc4 Qxd5 32. Nxe5 Bxb4 33. Qb2 Qd1+ 34.
Kh2 Bd6 35. f4 Bxe5 36. Qxe5+ Kh6 37. Qe6 Qd7 38. Qc4 Re7 39. Rc5 Re4 40. Qc1
Qd6 41. Re5 Kg7 42. Qb2 Kh6 43. Qc1 Kg7 44. Qb2 Rb4 45. Re7+ Kh6 46. Qg7+ Kh5
47. Qxh7# 1-0

[Event "26. Torneo Collado Villalba B"]
[Site "Collado Villalba ESP"]
[Date "2009.08.24"]
[Round "4.12"]
[White "Alvarez Serrano, Carlos"]
[Black "Alvarez Escudero, Manuel"]
[Result "1/2-1/2"]
[WhiteElo "1715"]
[BlackElo "1876"]
[PlyCount "53"]
[EventDate "2009.08.21"]
[EventType "swiss"]
[EventRounds "9"]
[EventCountry "ESP"]
[Source "lmi"]
[SourceDate "2009.08.21"]

1. e4 e5 2. Nf3 Nc6 3. d4 exd4 4. Nxd4 Bc5 5. Be3 Nxd4 6. Bxd4 Bxd4 7. Qxd4 Qf6
8. c3 Qxd4 9. cxd4 Nf6 10. f3 d6 11. Bc4 c6 12. Nc3 O-O 13. O-O Bd7 14. Rad1
Rad8 15. Rd2 Bc8 16. Rfd1 Nd7 17. e5 d5 18. Bd3 g6 19. f4 Nb6 20. h3 f6 21. b3
fxe5 22. fxe5 Bf5 23. Bxf5 Rxf5 24. Rf2 Rdf8 25. Rdf1 Rxf2 26. Rxf2 Rxf2 27.
Kxf2 1/2-1/2

[Event "26. Torneo Collado Villalba B"]
[Site "Collado Villalba ESP"]
[Date "2009.08.24"]
[Round "4.13"]
[White "Garcia Burguillo, Javier"]
[Black "Corbinos Cuartero, Manuel A"]
[Result "0-1"]
[WhiteElo "1702"]
[BlackElo "1864"]
[PlyCount "44"]
[EventDate "2009.08.21"]
[EventType "swiss"]
[EventRounds "9"]
[EventCountry "ESP"]
[Source "lmi"]
[SourceDate "2009.08.21"]

1. e4 c5 2. f4 d5 3. exd5 Nf6 4. Bb5+ Bd7 5. Bxd7+ Qxd7 6. c4 g6 7. Nc3 Bg7 8.
Nf3 O-O 9. O-O a6 10. d4 Qc7 11. Qe2 Nbd7 12. Be3 Ng4 13. Ne4 Nxe3 14. Qxe3
cxd4 15. Qd3 Qxf4 16. Nfg5 Qe3+ 17. Qxe3 dxe3 18. Rfe1 Rac8 19. Rac1 Bxb2 20.
Rb1 Bd4 21. Rxb7 Ne5 22. Rxe7 Nd3 0-1

[Event "26. Torneo Collado Villalba B"]
[Site "Collado Villalba ESP"]
[Date "2009.08.24"]
[Round "4.14"]
[White "Tarin Casado, Francisco"]
[Black "Arranz Fraile, Javier"]
[Result "1-0"]
[WhiteElo "1863"]
[BlackElo "1693"]
[PlyCount "73"]
[EventDate "2009.08.21"]
[EventType "swiss"]
[EventRounds "9"]
[EventCountry "ESP"]
[Source "lmi"]
[SourceDate "2009.08.21"]

1. b3 e5 2. Bb2 d6 3. e3 f5 4. d4 e4 5. c4 Nf6 6. Nc3 Be7 7. Nge2 O-O 8. Rc1 a5
9. Nf4 c6 10. h4 Ng4 11. g3 Qe8 12. Be2 Nd7 13. Ne6 Qg6 14. Nxf8 Nxf8 15. Bxg4
fxg4 16. Ne2 h5 17. Nf4 Qf5 18. d5 c5 19. a3 Bd7 20. Qd2 Nh7 21. Kf1 b5 22. Bc3
a4 23. Qb2 Nf6 24. bxa4 bxc4 25. Bxf6 Bxf6 26. Qb7 Rxa4 27. Qb8+ Kh7 28. Qxd6
Bb2 29. Rb1 c3 30. Qxc5 Rxa3 31. Kg2 Qe5 32. Rxb2 Ra1 33. Rc2 Rxh1 34. Kxh1 Ba4
35. Qxc3 Qb8 36. Rc1 Be8 37. Ne6 1-0

[Event "26. Torneo Collado Villalba B"]
[Site "Collado Villalba ESP"]
[Date "2009.08.24"]
[Round "4.16"]
[White "Fernandez-Gallardo Romero, Alvaro"]
[Black "Calderon Diestro, Maria Victoria"]
[Result "1/2-1/2"]
[WhiteElo "1640"]
[BlackElo "1818"]
[PlyCount "45"]
[EventDate "2009.08.21"]
[EventType "swiss"]
[EventRounds "9"]
[EventCountry "ESP"]
[Source "lmi"]
[SourceDate "2009.08.21"]

1. e4 e5 2. Nf3 Nc6 3. Bc4 Bc5 4. c3 Nf6 5. d3 a6 6. Bb3 d6 7. h3 Ne7 8. O-O h6
9. Nbd2 O-O 10. Re1 Be6 11. Nf1 c6 12. Be3 Bb6 13. Ng3 Bc7 14. Qd2 d5 15. Rad1
Qd6 16. Qe2 Nd7 17. d4 f5 18. dxe5 Nxe5 19. Nxe5 f4 20. Bxf4 Rxf4 21. Nf3 Raf8
22. Rd3 Ng6 23. exd5 1/2-1/2

[Event "26. Torneo Collado Villalba B"]
[Site "Collado Villalba ESP"]
[Date "2009.08.24"]
[Round "4.17"]
[White "Juberias Guillen, Paloma"]
[Black "Madurga Lopez, Ignacio"]
[Result "0-1"]
[WhiteElo "1556"]
[BlackElo "1816"]
[PlyCount "52"]
[EventDate "2009.08.21"]
[EventType "swiss"]
[EventRounds "9"]
[EventCountry "ESP"]
[Source "lmi"]
[SourceDate "2009.08.21"]

1. d4 Nf6 2. c4 c5 3. d5 b5 4. cxb5 a6 5. b6 e6 6. Nc3 Bb7 7. e4 exd5 8. exd5
d6 9. Nf3 Nbd7 10. Bc4 Nxb6 11. b3 Be7 12. O-O O-O 13. Qd3 Re8 14. Bb2 Nfd7 15.
Ne4 Nf6 16. Nfg5 Nxe4 17. Nxe4 Bf8 18. Rfe1 Qh4 19. Re3 f5 20. g3 fxe4 21. Qe2
Qe7 22. f3 exf3 23. Rxe7 fxe2 24. Rxe8 Rxe8 25. Re1 Nxc4 26. bxc4 a5 0-1

[Event "26. Torneo Collado Villalba B"]
[Site "Collado Villalba ESP"]
[Date "2009.08.24"]
[Round "4.18"]
[White "Arranz Maurelle, Gustavo"]
[Black "Rubio Campos, Juan"]
[Result "1/2-1/2"]
[WhiteElo "1816"]
[BlackElo "1678"]
[PlyCount "40"]
[EventDate "2009.08.21"]
[EventType "swiss"]
[EventRounds "9"]
[EventCountry "ESP"]
[Source "lmi"]
[SourceDate "2009.08.21"]

1. e4 e5 2. f4 exf4 3. Nf3 Ne7 4. Bc4 d5 5. exd5 Nxd5 6. O-O Be7 7. d4 O-O 8.
Bxd5 Qxd5 9. Bxf4 c6 10. Nc3 Qh5 11. Ne5 Qxd1 12. Raxd1 Nd7 13. Nxd7 Bxd7 14.
d5 Bc5+ 15. Kh1 Bg4 16. dxc6 Bxd1 17. cxb7 Bxc2 18. bxa8=Q Rxa8 19. Rc1 Re8 20.
h3 Bg6 1/2-1/2

[Event "26. Torneo Collado Villalba B"]
[Site "Collado Villalba ESP"]
[Date "2009.08.24"]
[Round "4.19"]
[White "Fernandez Martinez, Jose"]
[Black "Caro Martin, Diego"]
[Result "1-0"]
[WhiteElo "1801"]
[BlackElo "1628"]
[PlyCount "107"]
[EventDate "2009.08.21"]
[EventType "swiss"]
[EventRounds "9"]
[EventCountry "ESP"]
[Source "lmi"]
[SourceDate "2009.08.21"]

1. d4 Nf6 2. c4 c5 3. d5 b5 4. cxb5 a6 5. Nc3 d6 6. e4 axb5 7. Bxb5+ Bd7 8.
Bxd7+ Nbxd7 9. Nf3 g6 10. O-O Bg7 11. h3 O-O 12. Bf4 Qb6 13. Qd2 Rfb8 14. Rab1
Nh5 15. Be3 Ra6 16. Rfd1 Qa7 17. Bh6 Bxc3 18. Qxc3 Rxa2 19. g4 Nhf6 20. Kg2 Qa5
21. Qxa5 Rxa5 22. Nd2 Rab5 23. b3 Ne5 24. Rdc1 e6 25. dxe6 fxe6 26. f4 Nc6 27.
Re1 Nd7 28. Re3 Nd4 29. Nc4 d5 30. exd5 exd5 31. Nd6 Rxb3 32. Rbxb3 Nxb3 33.
Re7 Kh8 34. Rg7 Rf8 35. Nf7+ Rxf7 36. Rxf7 c4 37. Rxd7 Kg8 38. Rxd5 c3 39. Rd8+
Kf7 40. Rc8 Nd2 41. Rxc3 Ne4 42. Rc7+ Kg8 43. Rc8+ Kf7 44. Rf8+ Ke7 45. Rh8 Kf7
46. Rxh7+ Kg8 47. Rg7+ Kh8 48. Rxg6 Kh7 49. Re6 Nc5 50. Rc6 Ne4 51. f5 Kg8 52.
Kf3 Nd2+ 53. Kf4 Kf7 54. Kg5 1-0

[Event "26. Torneo Collado Villalba B"]
[Site "Collado Villalba ESP"]
[Date "2009.08.24"]
[Round "4.20"]
[White "Corisco Beltran, Rafael"]
[Black "Fernandez Gil, Ruben Carlos"]
[Result "1-0"]
[WhiteElo "1775"]
[BlackElo "1596"]
[PlyCount "79"]
[EventDate "2009.08.21"]
[EventType "swiss"]
[EventRounds "9"]
[EventCountry "ESP"]
[Source "lmi"]
[SourceDate "2009.08.21"]

1. e4 e6 2. d4 d5 3. Nc3 Bb4 4. e5 c5 5. a3 Bxc3+ 6. bxc3 Nc6 7. Nf3 Nge7 8.
Bd3 Qb6 9. Be3 c4 10. Bxc4 dxc4 11. d5 Qa5 12. dxc6 Nxc6 13. Bd4 O-O 14. O-O
Rd8 15. Ng5 h6 16. Nf3 b5 17. Qc1 Bb7 18. Be3 Qxc3 19. Bd2 Rxd2 20. Qxd2 Qxd2
21. Nxd2 Nxe5 22. Rfb1 Bc6 23. Re1 Ng6 24. Ne4 Rd8 25. Nc3 Rd2 26. Re2 Rd8 27.
Rd1 Rxd1+ 28. Nxd1 Nf4 29. Rd2 Nxg2 30. Rd6 Bf3 31. Nc3 Ne1 32. Nxb5 Nxc2 33.
Ra6 e5 34. Rxa7 Nd4 35. a4 Bd1 36. Nc3 Bb3 37. a5 Kf8 38. a6 Nc6 39. Rc7 Nb4
40. a7 1-0

[Event "26. Torneo Collado Villalba B"]
[Site "Collado Villalba ESP"]
[Date "2009.08.25"]
[Round "5.1"]
[White "Rodriguez Ballespin, Daniel"]
[Black "Camarero Izquierdo, Juan C"]
[Result "1-0"]
[WhiteElo "1937"]
[BlackElo "1950"]
[PlyCount "55"]
[EventDate "2009.08.21"]
[EventType "swiss"]
[EventRounds "9"]
[EventCountry "ESP"]
[Source "lmi"]
[SourceDate "2009.08.21"]

1. f4 c5 2. e4 d6 3. Nf3 Nf6 4. d3 g6 5. Be2 Bg7 6. O-O Nc6 7. a4 O-O 8. c3 c4
9. Nbd2 cxd3 10. Bxd3 d5 11. e5 Ng4 12. Qe2 h5 13. h3 Nh6 14. Qf2 Bf5 15. Bxf5
Nxf5 16. Nb3 e6 17. Nbd4 Nce7 18. g4 hxg4 19. hxg4 Nh6 20. Qg3 Qb6 21. f5 gxf5
22. Qh4 fxg4 23. a5 Qc5 24. b4 Qxc3 25. Bxh6 Bxh6 26. Qxh6 gxf3 27. Rad1 Qc8
28. Kf2 1-0